000 00214nam a22000857a 4500
001 1301117
005 20260429113915.0
245 _aALİ ULVİ KURUCU'NUN HATIRALARI 4
_cM.ERTUĞRUL DÜZDAĞ
260 _bKETEBE YAYINLARI
999 _c1301117
_d1301117